000 00526nam a22001937a 4500
999 _c6452
_d6452
003 OSt
005 20200122125221.0
008 200122b ||||| |||| 00| 0 eng d
020 _a0748743715
040 _c040a
082 _a553.7
_bPRI 1996
100 _4Price, Michael
245 _aIntroducing groundwater /
_cMichael Price
260 _aCheltenham
_bStanley Thornes
_c1996
300 _axv, 277p;
_bill:
_c17cm
504 _aIncludes bibliographical references and index
650 _2Groundwater
942 _2ddc
_cO_SHELF